000 00632cam a2200181 i 4500
082 0 0 _a347.052
_bCHO
_cL-32 P-6
100 1 _aChoudhry's A.M
_937960
245 1 4 _aThe Limitation Act (Act IX of 1908)
_cRevised By: Raja Said Akbar Khan
_bAs Modified and Amended Up to Date with Commentary
260 _aLahore :
_bAll Pakistan Legal Decisions
_c1962
300 _aiv, 132 p. ;
_c24 cm.
500 _aIncludes index.
500 _aIncludes text of the Act.
526 _a0
_b0
_c0
_d347_052000000000000_CHO
650 0 _aLimitation of actions
_zPakistan.
_937961
650 0 _aMCE
_9379
710 1 2 _aPakistan.
_97181
942 _2ddc
_cBK
999 _c542685
_d542685